02426nam a2200385Ia 4500001000900000003000500009005001700014008004100031010001100072020002200083040000900105082001900114111025100133245020500384260007100589300001100660500034100671503000701012504002801019590002201047650008201069650005301151650005501204650009001259650008201349650006201431700005001493711025101543901001901794902000601813905006301819942001501882999001901897952012401916dia_6260CHAP20251023165203.0220117s2008 xx 000 0 und d a177723 a978-970-757-098-6 cCHAP a636.2 O67 2008 aTaller Internacional Nuevas Oportunidades para los Sistemas de Rumiantes de Aptitud Lechera y de Doble Propósito : gestión de recursos, seguridad alimentaria, calidad y acceso de mercados (2006 jun 28-30 : Ixtapan de la Sal, México)9162000 aOportunidades y retos para los sistemas campesinos de rumiantes en latinoamérica : manejo de recursos, seguridad alimentaria, calidad y acceso a mercados /c Octavio A. Castelán Ortega...[et al.] aMéxico :b Universidad Autónoma del Estado de México,c2008 a511 p. a"Este libro tiene su origen en los trabajos presentados en el Taller Internacional 'Nuevas oportunidades para los sistemas de rumiantes de aptitud lechera y de doble propósito: gestión de recursos, seguridad alimentaria, calidad y acceso a mercados' ... Ixtapan de la Sal, México, del 28 al 30 de junio del 2008"--P. [4] of cover. aD. aIncluye bibliografías aSF55.L29 O67 2008 aAlimentosxCalidadxAmérica LatinaxCongresos, conferencias, etc. 9161993 aFood handlingxLatin AmericaxCongresses9161994 aFoodxQualityxLatin AmericaxCongresses 9161995 aManipulación alimentariaxAmérica LatinaxCongresos, conferencias, etc. 9161996 aRumiantesxMercadoxAmérica LatinaxCongresos, conferencias, etc. 9161997 aRuminantsxMarketingxLatin AmericaxCongresses 9161998 aCastelán Ortega, Octavio A., coaut.9161999 aTaller Internacional Nuevas Oportunidades para los Sistemas de Rumiantes de Aptitud Lechera y de Doble Propósito : gestión de recursos, seguridad alimentaria, calidad y acceso de mercados (2006 jun 28-30 : Ixtapan de la Sal, México)9162000 a636.2 O67 2008 aA a5232272008 mx admn8223323322spa16 cLIBRO2ddc c177723d177723 00102ddc40708GRALaIA_bIA_c1d2022-01-18f1l2pdia_001131r2024-12-03 18:27:40s2024-12-03t1w2022-01-18yLIBRO